000 00564cab a2200169 4500
001 L130120
008 050624n2005 000 0 eng u
035 _a(Sirsi) u130120
041 _aeng
245 _aBenchmark new orders
_bApril 2005
260 _c2005
490 _aContract Journal
_v428 (6529) 15 June 2005, 15(1)
520 _aDetails of new orders for April 2005. Includes construction and private commercial orders, private industrial and other public orders.
590 _aIKA040705
690 _aBUILT ENVIRONMENT-CONSTRUCTION MARKET
942 _n0
999 _c75458
_d75458